[Event "Oberliga Ost-B 1617"]
[Site "Germany"]
[Date "2016.12.04"]
[Round "4.8"]
[White "Doehring, Joachim"]
[Black "Foermes, Alexander"]
[Result "1-0"]
[WhiteElo "2082"]
[BlackElo "2079"]
[PlyCount "77"]
[EventDate "2016.10.16"]
[EventType "team-tourn"]
[EventRounds "11"]
[EventCountry "GER"]
[SourceTitle "EXT 2018"]
[Source "ChessBase"]
[SourceDate "2017.10.13"]
[SourceVersion "1"]
[SourceVersionDate "2017.10.13"]
[SourceQuality "1"]
[WhiteTeam "Wiesbaden"]
[BlackTeam "Marburg"]
[WhiteTeamCountry "GER"]
[BlackTeamCountry "GER"]

1. Nf3 Nf6 2. c4 c5 3. g3 b6 4. Bg2 Bb7 5. 0-0 g6 6. Nc3 Bg7 7. a3 0-0 8. Qc2 d6 9. Rd1 Nbd7 10. b3 Rc8 11. Bb2 Qc7 12. Rac1 Qb8 13. e4 Ne5 14. Nd5 Rfe8 15. d4 Nxf3+ 16. Bxf3 Nd7 17. Bg4 e6 18. dxc5 Nxc5 19. Bxg7 exd5 20. Bxc8 Qxc8 21. Ba1 dxe4 22. Qc3 Re5 23. Rxd6 f6 24. Rxf6 Nd3 25. Rd1 Qg4 26. Rxd3 exd3 27. f3 Qg5 28. Qxe5 Qc1+ 29. Kg2 Qd2+ 30. Kf1 Qc1+ 31. Kg2 Qd2+ 32. Kh3 Qh6+ 33. Kg4 Bc8+ 34. Re6 Qh5+ 35. Kf4 Qh6+ 36. Ke4 Bxe6 37. Qxe6+ Kf8 38. Qd6+ Kf7 39. Qxd3 1-0

[Event "GER Seniors Derby 14th"]
[Site "Wesel Undeloh"]
[Date "2015.04.18"]
[Round "7"]
[White "Frieser, Klaus"]
[Black "Doehring, Joachim"]
[Result "0-1"]
[WhiteElo "2083"]
[BlackElo "1994"]
[PlyCount "86"]
[EventDate "2015.04.15"]
[EventType "swiss"]
[EventRounds "9"]
[EventCountry "GER"]
[SourceTitle "EXT 2018"]
[Source "ChessBase"]
[SourceDate "2017.10.13"]
[SourceVersion "1"]
[SourceVersionDate "2017.10.13"]
[SourceQuality "1"]

1. d4 Nf6 2. c4 e6 3. Nc3 Bb4 4. e3 0-0 5. Nf3 b6 6. Be2 Bb7 7. 0-0 d5 8. Bd2 Be7 9. a3 c5 10. Rc1 Nbd7 11. Ne5 dxc4 12. Nxc4 a6 13. Be1 cxd4 14. exd4 Rc8 15. Ne3 b5 16. Na2 Nd5 17. Nxd5 Bxd5 18. Nb4 Bb7 19. Bc3 Nf6 20. Bf3 Bxf3 21. Qxf3 Qb6 22. Rfd1 a5 23. Nd3 Nd5 24. Ne5 b4 25. axb4 axb4 26. Nd7 Qd6 27. Nxf8 bxc3 28. Nxe6 c2 29. Re1 fxe6 30. Qb3 Qb4 31. Qh3 Qxe1+ 32. Rxe1 c1Q 33. Qxe6+ Kf8 34. g3 Qc6 35. Qf5+ Kg8 36. Re6 Qd7 37. Qe4 Bf6 38. h4 Bxd4 39. h5 Nf6 40. Qf5 Qd5 41. Qxd5 Nxd5 42. Rd6 Rc5 43. b4 Rb5 0-1

[Event "GER Seniors Derby 14th"]
[Site "Wesel Undeloh"]
[Date "2015.04.17"]
[Round "5"]
[White "Doehring, Joachim"]
[Black "Kropp, Volker"]
[Result "1-0"]
[WhiteElo "1994"]
[BlackElo "1892"]
[PlyCount "69"]
[EventDate "2015.04.15"]
[EventType "swiss"]
[EventRounds "9"]
[EventCountry "GER"]
[SourceTitle "EXT 2018"]
[Source "ChessBase"]
[SourceDate "2017.10.13"]
[SourceVersion "1"]
[SourceVersionDate "2017.10.13"]
[SourceQuality "1"]

1. Nf3 e6 2. d3 d5 3. Nbd2 c5 4. e4 Nf6 5. g3 Be7 6. Bg2 Nc6 7. 0-0 0-0 8. Re1 dxe4 9. dxe4 e5 10. Nc4 Qxd1 11. Rxd1 Bg4 12. Bg5 h6 13. Bxf6 Bxf6 14. c3 Bxf3 15. Bxf3 Rfd8 16. Rd5 b6 17. Rad1 Kf8 18. Ne3 Bg5 19. Ng4 Re8 20. h4 Bd8 21. Be2 h5 22. Ne3 Re6 23. Bxh5 Bf6 24. Bg4 Re7 25. Bd7 Nb8 26. Nf5 Rxd7 27. Rxd7 Nxd7 28. Rxd7 g6 29. Nd6 Be7 30. Nb5 a5 31. a4 Rb8 32. Kf1 Ke8 33. Ra7 Rd8 34. Nc7+ Kf8 35. Nd5 1-0

[Event "GER Seniors Derby 14th"]
[Site "Wesel Undeloh"]
[Date "2015.04.16"]
[Round "4"]
[White "Voss, Hubertus"]
[Black "Doehring, Joachim"]
[Result "1/2-1/2"]
[WhiteElo "2078"]
[BlackElo "1994"]
[PlyCount "37"]
[EventDate "2015.04.15"]
[EventType "swiss"]
[EventRounds "9"]
[EventCountry "GER"]
[SourceTitle "EXT 2018"]
[Source "ChessBase"]
[SourceDate "2017.10.13"]
[SourceVersion "1"]
[SourceVersionDate "2017.10.13"]
[SourceQuality "1"]

1. e4 c5 2. Nf3 e6 3. d4 cxd4 4. Nxd4 Nc6 5. Nxc6 bxc6 6. Bd3 e5 7. 0-0 Nf6 8. c4 Bc5 9. Nd2 a5 10. Qe2 d6 11. Nb3 Bg4 12. Qc2 Ba7 13. a4 Nd7 14. Bd2 Bb6 15. Bc3 0-0 16. Be2 Bxe2 17. Qxe2 Nc5 18. Nxc5 Bxc5 19. Qd2 1/2-1/2

[Event "Rheinhausen-ch op 18th"]
[Site "Rheinhausen"]
[Date "2014.02.21"]
[Round "4"]
[White "Doehring, Joachim"]
[Black "Buhren, Alexander"]
[Result "0-1"]
[WhiteElo "1332"]
[BlackElo "1546"]
[PlyCount "72"]
[EventDate "2014.01.10"]
[EventType "swiss"]
[EventRounds "7"]
[EventCountry "GER"]
[SourceTitle "EXT 2017"]
[Source "ChessBase"]
[SourceDate "2016.10.25"]
[SourceVersion "1"]
[SourceVersionDate "2016.10.25"]
[SourceQuality "1"]

1. d4 d5 2. Nf3 Nf6 3. c4 c6 4. Nc3 e6 5. Bf4 Nbd7 6. e3 Be7 7. h3 Qa5 8. a3 0-0 9. Bd3 c5 10. 0-0 cxd4 11. exd4 Re8 12. c5 a6 13. Re1 Nb8 14. Ne5 Bd7 15. b4 Qd8 16. a4 Nc6 17. Nxc6 Bxc6 18. Bg5 h6 19. Bf4 b6 20. Re3 Nd7 21. Bc2 Bg5 22. Qd3 Bxf4 23. Qh7+ Kf8 24. Rf3 Nf6 25. Qd3 Bc7 26. Ne2 e5 27. dxe5 Bxe5 28. Rb1 d4 29. Rf5 Be4 30. Qc4 Bxf5 31. Bxf5 bxc5 32. Qxc5+ Qd6 33. Qc4 Nd5 34. Qd3 Nc3 35. Rc1 Nxe2+ 36. Qxe2 Bh2+ 0-1

[Event "Rheinhausen-ch"]
[Site "Rheinhausen"]
[Date "2011.01.08"]
[Round "1"]
[White "Strohner, Marcel"]
[Black "Doehring, Joachim"]
[Result "1-0"]
[WhiteElo "1603"]
[BlackElo "1187"]
[PlyCount "105"]
[EventDate "2011.01.07"]
[EventType "swiss"]
[EventRounds "7"]
[EventCountry "GER"]
[SourceTitle "EXT 2015"]
[Source "ChessBase"]
[SourceDate "2014.11.20"]
[SourceVersion "1"]
[SourceVersionDate "2014.11.20"]
[SourceQuality "1"]

1. e4 e6 2. d4 d5 3. exd5 exd5 4. Nf3 Nf6 5. Bd3 Nc6 6. h3 Bd6 7. Bg5 h6 8. Qe2+ Qe7 9. Bxf6 Qxe2+ 10. Kxe2 gxf6 11. Nc3 Be6 12. Nb5 0-0-0 13. Nxd6+ Rxd6 14. Kd2 Nb4 15. Be2 Bf5 16. c3 Nc6 17. Nh4 Ne7 18. Bh5 Bg6 19. Bg4+ f5 20. Be2 Rg8 21. Bd3 f4 22. Rae1 Re6 23. Nxg6 Nxg6 24. Bf5 Kd7 25. g3 Kd6 26. Bxe6 fxe6 27. g4 Nh4 28. Ke2 f3+ 29. Kd3 Ng2 30. Re5 Nf4+ 31. Ke3 Rf8 32. h4 c5 33. Rg1 Ng2+ 34. Kd2 cxd4 35. cxd4 Rf4 36. Kc3 Rxg4 37. Rh5 Rg6 38. b4 Rf6 39. Re5 Rf4 40. Rh5 Rf6 41. Kd2 Nf4 42. Re5 Ng2 43. Rc1 b6 44. b5 Kd7 45. Rc3 Nxh4 46. Ra3 Rf4 47. Ke3 Ng2+ 48. Kd3 Kd6 49. Rxa7 Rh4 50. Rb7 Nf4+ 51. Ke3 Ng6 52. Rxb6+ Kc7 53. Rexe6 1-0

[Event "Rheinhausen-ch 14th"]
[Site "Duisburg Rheinhausen"]
[Date "2010.03.26"]
[Round "7"]
[White "Drygajlo, Lars"]
[Black "Doehring, Joachim"]
[Result "1-0"]
[WhiteElo "1067"]
[BlackElo "1210"]
[PlyCount "33"]
[EventDate "2010.01.08"]
[EventType "swiss"]
[EventRounds "7"]
[EventCountry "GER"]
[SourceTitle "EXT 2018"]
[Source "ChessBase"]
[SourceDate "2017.10.13"]
[SourceVersion "1"]
[SourceVersionDate "2017.10.13"]
[SourceQuality "1"]

1. e4 e6 2. d4 d5 3. e5 c5 4. c3 Nc6 5. Nf3 cxd4 6. cxd4 Bb4+ 7. Nc3 Nge7 8. Bd3 0-0 9. 0-0 Bd7 10. Be3 Nc8 11. Ng5 h6 12. Nh7 Re8 13. Nf6+ gxf6 14. Qg4+ Kf8 15. Bxh6+ Ke7 16. exf6+ Kd6 17. Nb5# 1-0

[Event "Rheinhausen-ch 14th"]
[Site "Duisburg Rheinhausen"]
[Date "2010.03.12"]
[Round "6"]
[White "Doehring, Joachim"]
[Black "Scholten, Michael"]
[Result "0-1"]
[WhiteElo "1210"]
[BlackElo "1663"]
[PlyCount "62"]
[EventDate "2010.01.08"]
[EventType "swiss"]
[EventRounds "7"]
[EventCountry "GER"]
[SourceTitle "EXT 2018"]
[Source "ChessBase"]
[SourceDate "2017.10.13"]
[SourceVersion "1"]
[SourceVersionDate "2017.10.13"]
[SourceQuality "1"]

1. c4 c5 2. g3 g6 3. Nc3 Bg7 4. Bg2 Nc6 5. Nf3 Nf6 6. e3 e5 7. 0-0 0-0 8. Ng5 d6 9. Nge4 Bf5 10. Nxf6+ Bxf6 11. Nd5 Bd3 12. Re1 Bxc4 13. Nxf6+ Qxf6 14. Qa4 d5 15. b3 e4 16. Rb1 Bd3 17. Bb2 Qd6 18. Rbc1 b5 19. Qa6 b4 20. Qa4 a6 21. Be5 Nxe5 22. a3 a5 23. Kh1 Nd7 24. axb4 axb4 25. Ra1 Rxa4 26. Rxa4 Bc2 27. Rea1 Bxb3 28. Ra7 c4 29. R1a6 Nb6 30. Rb7 Rb8 31. Rbxb6 Qxb6 0-1

[Event "Rheinhausen-ch 14th"]
[Site "Duisburg Rheinhausen"]
[Date "2010.01.08"]
[Round "1"]
[White "Doehring, Joachim"]
[Black "Reisloh, Carsten"]
[Result "0-1"]
[WhiteElo "1210"]
[BlackElo "1686"]
[PlyCount "54"]
[EventDate "2010.01.08"]
[EventType "swiss"]
[EventRounds "7"]
[EventCountry "GER"]
[SourceTitle "EXT 2018"]
[Source "ChessBase"]
[SourceDate "2017.10.13"]
[SourceVersion "1"]
[SourceVersionDate "2017.10.13"]
[SourceQuality "1"]

1. d4 d5 2. Nf3 Nf6 3. c4 e6 4. Nc3 Be7 5. e3 0-0 6. Bd3 dxc4 7. Bxc4 c5 8. 0-0 Nc6 9. b3 cxd4 10. exd4 b6 11. Bb2 Bb7 12. Ne2 Rc8 13. Ng3 Nd5 14. a3 a5 15. Qe2 Re8 16. Bd3 Nf4 17. Bxh7+ Kxh7 18. Qe4+ Ng6 19. Rfd1 Qd5 20. Qd3 Red8 21. Ne2 Nce5 22. Nf4 Qxf3 23. dxe5 Qxf4 24. Qe2 Qe4 25. Qh5+ Kg8 26. f3 Qe2 27. Rdb1 Rc2 0-1

[Event "Rheinhausen-ch 12th"]
[Site "Duisburg Rheinhausen"]
[Date "2008.01.25"]
[Round "3"]
[White "Klaus, Helmut"]
[Black "Doehring, Joachim"]
[Result "1-0"]
[WhiteElo "1745"]
[BlackElo "1284"]
[PlyCount "101"]
[EventDate "2008.01.11"]
[EventType "swiss"]
[EventRounds "7"]
[EventCountry "GER"]
[SourceTitle "EXT 2018"]
[Source "ChessBase"]
[SourceDate "2017.10.13"]
[SourceVersion "1"]
[SourceVersionDate "2017.10.13"]
[SourceQuality "1"]

1. e4 e5 2. Nf3 Nf6 3. Nc3 Nc6 4. Bb5 d6 5. d3 Bg4 6. h3 Bh5 7. g4 Bg6 8. Be3 a6 9. Ba4 Be7 10. Nd5 0-0 11. Nxe7+ Nxe7 12. c4 c6 13. 0-0 Nd7 14. Bc2 d5 15. cxd5 cxd5 16. Qe2 d4 17. Bg5 f6 18. Bb3+ Bf7 19. Bxf7+ Rxf7 20. Bh4 Rc8 21. Rfc1 Rc6 22. Rxc6 Nxc6 23. Qd2 h6 24. Bg3 Nb6 25. Nh4 Ne7 26. f3 Nc6 27. Be1 Rc7 28. Rc1 Qc8 29. Nf5 Qe6 30. b3 a5 31. Qb2 Qd7 32. Qc2 Na8 33. Qc4+ Kh7 34. Qb5 Qe8 35. Rc5 g6 36. Nh4 Qc8 37. Qc4 b6 38. Rxc6 Qd7 39. Rxc7 Nxc7 40. a4 Ne6 41. Bd2 Nc7 42. Kf2 Ne8 43. b4 Qe7 44. bxa5 bxa5 45. Kg3 Ng7 46. Bxa5 Qa3 47. Be1 Qa1 48. Bf2 Qf1 49. Qf7 Qc1 50. Qxg6+ Kg8 51. Qxf6 1-0

[Event "Oberliga Ost-B 0607"]
[Site "Germany"]
[Date "2007.04.22"]
[Round "11.7"]
[White "Doehring, Joachim"]
[Black "Fischer, Dieter"]
[Result "0-1"]
[WhiteElo "2083"]
[BlackElo "2111"]
[PlyCount "48"]
[EventDate "2006.10.15"]
[EventType "team-tourn"]
[EventRounds "11"]
[EventCountry "GER"]
[SourceTitle "EXT 2008"]
[Source "ChessBase"]
[SourceDate "2007.11.25"]
[SourceVersion "1"]
[SourceVersionDate "2007.11.25"]
[SourceQuality "1"]
[WhiteTeam "Dotzheim"]
[BlackTeam "Erfurt SK II"]
[WhiteTeamCountry "GER"]
[BlackTeamCountry "GER"]

1. Nf3 d5 2. c4 c6 3. d4 Nf6 4. Nc3 Bf5 5. cxd5 cxd5 6. Qb3 b6 7. e4 dxe4 8. Bb5+ Bd7 9. Ne5 e6 10. Bg5 Be7 11. Bxf6 Bxf6 12. Nxd7 Nxd7 13. Qa4 a6 14. Bc6 Rb8 15. Nxe4 Be7 16. d5 exd5 17. Rd1 b5 18. Qxa6 Bb4+ 19. Nc3 Qe7+ 20. Kf1 Bxc3 21. bxc3 0-0 22. Qa7 Rfe8 23. g3 Nf6 24. Bxe8 Qxa7 0-1

[Event "Rheinhausen-ch 11th"]
[Site "Duisburg Rheinhausen"]
[Date "2007.03.02"]
[Round "5"]
[White "Doehring, Joachim"]
[Black "Gahrens, Juergen"]
[Result "1/2-1/2"]
[WhiteElo "1281"]
[BlackElo "1350"]
[PlyCount "72"]
[EventDate "2007.01.12"]
[EventType "swiss"]
[EventRounds "7"]
[EventCountry "GER"]
[SourceTitle "EXT 2018"]
[Source "ChessBase"]
[SourceDate "2017.10.13"]
[SourceVersion "1"]
[SourceVersionDate "2017.10.13"]
[SourceQuality "1"]

1. d4 e6 2. e4 d5 3. exd5 exd5 4. Nf3 Bd6 5. Bd3 Bg4 6. 0-0 Ne7 7. Bg5 h6 8. Bh4 0-0 9. Nbd2 Nbc6 10. c3 Qd7 11. Qc2 Nf5 12. h3 Bxh3 13. gxh3 Nxh4 14. Nxh4 Qxh3 15. Ndf3 Bh2+ 16. Nxh2 Qxh4 17. Kh1 Ne7 18. Bf5 Rad8 19. Rg1 Kh8 20. Rg3 g6 21. Rh3 Qf4 22. Bd3 Rg8 23. Rg1 h5 24. Qe2 Rde8 25. Rxh5+ Kg7 26. Rg4 Qc1+ 27. Rg1 Qf4 28. Qf1 Kf8 29. Rh7 Nf5 30. Rg4 Qd2 31. Nf3 Qxb2 32. Ng5 Ng7 33. Rgh4 Qxc3 34. Rh8 Re1 35. Nh7+ Ke7 36. Rxg8 Rxf1+ 1/2-1/2

[Event "Rheinhausen-ch 10th"]
[Site "Duisburg Rheinhausen"]
[Date "2006.03.17"]
[Round "6.24"]
[White "Doehring, Joachim"]
[Black "Veldhoen, Hendrik"]
[Result "1-0"]
[WhiteElo "1243"]
[BlackElo "798"]
[PlyCount "41"]
[EventDate "2006.01.06"]
[EventType "swiss"]
[EventRounds "7"]
[EventCountry "GER"]
[SourceTitle "EXT 2007"]
[Source "ChessBase"]
[SourceDate "2006.11.23"]
[SourceVersion "1"]
[SourceVersionDate "2006.11.23"]
[SourceQuality "1"]

1. c4 c6 2. d4 d5 3. Nf3 Nf6 4. Nc3 Bg4 5. e3 e6 6. c5 Nbd7 7. Bd3 Qa5 8. 0-0 0-0-0 9. Bd2 Qa4 10. b3 Qa5 11. Nxd5 Qa3 12. Bc1 Qa5 13. b4 Bxf3 14. gxf3 Qxb4 15. Nxb4 e5 16. Qa4 exd4 17. Qxa7 Bxc5 18. Qa8+ Kc7 19. Qa5+ b6 20. Qa7+ Kc8 21. Ba6# 1-0